[Event "Brighton e2e4 Masters-B"]
[Site "Brighton"]
[Date "2011.02.25"]
[Round "4"]
[White "Slavin, Alexei"]
[Black "Tozer, Richard"]
[Result "1-0"]
[WhiteElo "2417"]
[BlackElo "2298"]
[PlyCount "113"]
[EventDate "2011.02.23"]
[EventType "tourn"]
[EventRounds "9"]
[EventCountry "ENG"]
[SourceTitle "CBM 141 Extra"]
[Source "ChessBase"]
[SourceDate "2011.05.03"]
[SourceVersion "1"]
[SourceVersionDate "2011.05.03"]
[SourceQuality "1"]

1. e4 c5 2. Nf3 Nc6 3. Bb5 g6 4. 0-0 Bg7 5. Re1 Nf6 6. Nc3 0-0 7. e5 Ne8 8. d3 Nc7 9. Bc4 d5 10. exd6 exd6 11. Bg5 Bf6 12. Bf4 Be6 13. Ne4 Be7 14. Neg5 d5 15. Bb3 Bg4 16. h3 Bxf3 17. Nxf3 Ne6 18. Bh6 Re8 19. Ne5 Ncd4 20. c3 Nxb3 21. axb3 Bf8 22. Qf3 Re7 23. Bxf8 Kxf8 24. Qf6 Ng7 25. Re2 Qc7 26. Rae1 Rae8 27. Nxf7 Nh5 28. Qxe7+ Rxe7 29. Rxe7 Qxe7 30. Rxe7 Kxe7 31. Ne5 Nf4 32. Kf1 d4 33. cxd4 cxd4 34. g3 Ne6 35. Ke2 Kd6 36. f4 Kc5 37. Kd2 a5 38. Nd7+ Kd6 39. Ne5 b5 40. Nf3 Kc5 41. Kc2 Kd5 42. b4 axb4 43. Ng5 Nc5 44. Nxh7 b3+ 45. Kd2 Na4 46. Kc1 Nc5 47. Kd2 Na4 48. Nf8 Nxb2 49. Nxg6 Nc4+ 50. dxc4+ bxc4 51. Ne5 c3+ 52. Kd3 b2 53. Kc2 Ke4 54. h4 Ke3 55. h5 b1Q+ 56. Kxb1 Kd2 57. Nf3+ 1-0

[Event "Brighton e2e4 Masters-B"]
[Site "Brighton"]
[Date "2011.02.25"]
[Round "5"]
[White "Tozer, Richard"]
[Black "Player, Edmund C"]
[Result "1-0"]
[WhiteElo "2298"]
[BlackElo "2179"]
[PlyCount "81"]
[EventDate "2011.02.23"]
[EventType "tourn"]
[EventRounds "9"]
[EventCountry "ENG"]
[SourceTitle "CBM 141 Extra"]
[Source "ChessBase"]
[SourceDate "2011.05.03"]
[SourceVersion "1"]
[SourceVersionDate "2011.05.03"]
[SourceQuality "1"]

1. d4 d5 2. c4 dxc4 3. Nf3 Nf6 4. e3 e6 5. Bxc4 c5 6. Qe2 Nc6 7. 0-0 Qc7 8. dxc5 Bxc5 9. a3 0-0 10. b4 Bd6 11. Bb2 Ng4 12. h3 Nge5 13. Nbd2 Bd7 14. Rac1 a6 15. Ne4 Nxf3+ 16. Qxf3 Be5 17. Bxe5 Nxe5 18. Qg3 Rfc8 19. Bxe6 Qxc1 20. Rxc1 Rxc1+ 21. Kh2 Bxe6 22. Qxe5 Rc6 23. f4 f6 24. Qd4 b6 25. g4 Rac8 26. Kg3 Kf8 27. Kf3 Ke7 28. g5 Bxh3 29. Qd3 Be6 30. gxf6+ gxf6 31. Ng3 Rh8 32. Nh5 Bf7 33. Qe4+ Re6 34. Qb7+ Kf8 35. Qb8+ Be8 36. f5 Rc6 37. Nf4 Kg7 38. Qb7+ Kh6 39. Ne6 Rg8 40. Qe7 Bh5+ 41. Ke4 1-0

[Event "BCF-ch rapidplay"]
[Site "Halifax"]
[Date "2009.11.21"]
[Round "1"]
[White "Gordon, Stephen J"]
[Black "Tozer, Richard"]
[Result "1-0"]
[WhiteElo "2527"]
[BlackElo "2296"]
[PlyCount "51"]
[EventDate "2009.11.21"]
[EventType "swiss (rapid)"]
[EventRounds "11"]
[EventCountry "ENG"]
[SourceTitle "EXT 2010"]
[Source "ChessBase"]
[SourceDate "2010.11.25"]
[SourceVersion "1"]
[SourceVersionDate "2010.11.25"]
[SourceQuality "1"]

1. d4 e6 2. c4 f5 3. g3 Nf6 4. Bg2 d5 5. Nh3 c6 6. 0-0 Bd6 7. Bf4 Be7 8. Bg5 0-0 9. Nf4 Qe8 10. Nd2 h6 11. Bxf6 Bxf6 12. Nf3 Nd7 13. Qb3 b6 14. cxd5 cxd5 15. Nxd5 Qd8 16. Rac1 Bb7 17. Nc7 Nc5 18. Rxc5 bxc5 19. Qxb7 Rb8 20. Qc6 Rb6 21. Qxc5 Rf7 22. Rc1 Rxb2 23. Nxe6 Qe8 24. Nf4 Bg5 25. Ne5 Re7 26. e3 1-0

[Event "Uxbridge op"]
[Site "Uxbridge"]
[Date "2009.09.20"]
[Round "5"]
[White "Tozer, Richard"]
[Black "Tymrakiewicz, Rafal"]
[Result "0-1"]
[WhiteElo "2286"]
[BlackElo "2269"]
[PlyCount "106"]
[EventDate "2009.09.18"]
[EventType "swiss"]
[EventRounds "5"]
[EventCountry "ENG"]
[SourceTitle "CBM 132 Extra"]
[Source "ChessBase"]
[SourceDate "2009.11.03"]
[SourceVersion "1"]
[SourceVersionDate "2009.11.03"]
[SourceQuality "1"]

1. d4 Nf6 2. c4 g6 3. Nc3 d5 4. Nf3 Bg7 5. Bg5 dxc4 6. e4 0-0 7. Bxc4 Nfd7 8. h3 Nb6 9. Bb3 Nc6 10. d5 Na5 11. 0-0 c6 12. Re1 h6 13. Bf4 Kh7 14. Ne5 Nd7 15. Nc4 Nc5 16. Re3 Nxc4 17. Bxc4 b5 18. Be2 b4 19. Na4 Nxa4 20. Qxa4 Bxb2 21. Rd1 cxd5 22. Qxb4 Bf6 23. Rxd5 Qb6 24. Rb5 Qd4 25. e5 Qxb4 26. Rxb4 Bg7 27. Bf3 a5 28. Rb5 Bd7 29. Rb7 Rad8 30. Ra7 g5 31. Bg3 a4 32. Bd1 Bf5 33. Bxa4 Ra8 34. Rxa8 Rxa8 35. Bb3 e6 36. f3 Ra5 37. Kf2 Bf8 38. Re2 Bc5+ 39. Ke1 Kg8 40. Kd1 Bd4 41. a4 h5 42. Bh2 h4 43. Ra2 Bc3 44. Kc1 Bd3 45. Bc2 Bc4 46. Ra3 Bb4 47. Re3 Bf1 48. Re4 Bc5 49. Rg4 Be3+ 50. Kb2 Kf8 51. Kc3 Ke7 52. Bd3 Rc5+ 53. Bc4 Bf4 0-1

[Event "Uxbridge op"]
[Site "Uxbridge"]
[Date "2009.09.19"]
[Round "3"]
[White "Gibbs, Dominic V"]
[Black "Tozer, Richard"]
[Result "0-1"]
[WhiteElo "1977"]
[BlackElo "2286"]
[PlyCount "124"]
[EventDate "2009.09.18"]
[EventType "swiss"]
[EventRounds "5"]
[EventCountry "ENG"]
[SourceTitle "CBM 132 Extra"]
[Source "ChessBase"]
[SourceDate "2009.11.03"]
[SourceVersion "1"]
[SourceVersionDate "2009.11.03"]
[SourceQuality "1"]

1. e4 c5 2. c3 d5 3. exd5 Qxd5 4. d4 Nc6 5. Nf3 Bg4 6. dxc5 Qxd1+ 7. Kxd1 e5 8. Be3 Nge7 9. h3 Bxf3+ 10. gxf3 Nd5 11. b4 a5 12. b5 Nd8 13. c6 bxc6 14. bxc6 Nxc6 15. Bb5 0-0-0 16. Ke2 Kc7 17. Rd1 f5 18. a4 Be7 19. Ra2 Bf6 20. Rad2 Nxe3 21. fxe3 Rxd2+ 22. Rxd2 g6 23. Rd5 Rd8 24. Bxc6 Kxc6 25. Rxa5 Kb6 26. Rb5+ Kc6 27. e4 Ra8 28. Rb4 Bg5 29. Nd2 Bf4 30. Nb3 h5 31. a5 fxe4 32. fxe4 g5 33. Rb6+ Kc7 34. Rb5 g4 35. hxg4 hxg4 36. Nc5 Kc6 37. c4 g3 38. Kf3 Rg8 39. Kg2 Rh8 40. Nd3 Rh2+ 41. Kf3 g2 42. Rb1 Rh3+ 43. Kxg2 Rxd3 44. Ra1 Kb7 45. a6+ Ka7 46. Ra4 Rd6 47. c5 Rxa6 48. Rc4 Kb7 49. Kf3 Kc6 50. Kg4 Ra5 51. Kf5 Rxc5 52. Ra4 Rc1 53. Ra6+ Kc5 54. Ra5+ Kd4 55. Ra4+ Rc4 56. Ra3 Bd2 57. Rb3 Bc3 58. Rb5 Rc5 59. Rb8 Kd3 60. Rb3 Rc8 61. Ra3 Rb8 62. Ra4 Rf8+ 0-1

[Event "Uxbridge op"]
[Site "Uxbridge"]
[Date "2009.09.18"]
[Round "1"]
[White "Atako, Chino"]
[Black "Tozer, Richard"]
[Result "0-1"]
[WhiteElo "2088"]
[BlackElo "2286"]
[PlyCount "94"]
[EventDate "2009.09.18"]
[EventType "swiss"]
[EventRounds "5"]
[EventCountry "ENG"]
[SourceTitle "CBM 132 Extra"]
[Source "ChessBase"]
[SourceDate "2009.11.03"]
[SourceVersion "1"]
[SourceVersionDate "2009.11.03"]
[SourceQuality "1"]

1. e4 c5 2. Nf3 Nc6 3. Nc3 e6 4. Bb5 Nd4 5. 0-0 a6 6. Bd3 Nc6 7. Re1 b5 8. e5 d5 9. exd6 Nf6 10. Ne4 Bxd6 11. b3 Bb7 12. Bb2 Be7 13. a4 b4 14. Ne5 Nxe5 15. Bxe5 0-0 16. Bxf6 gxf6 17. Qh5 f5 18. Re3 Qd4 19. c3 bxc3 20. dxc3 Qe5 21. Rh3 Rfd8 22. Qxh7+ Kf8 23. Rg3 Ke8 24. Ng5 Bxg5 25. Qg8+ Ke7 26. Qxg5+ Qf6 27. Qxf6+ Kxf6 28. Bc4 Rd2 29. Rd3 Rc2 30. Rad1 Rg8 31. g3 Rb8 32. R1d2 Rc1+ 33. Rd1 Rc2 34. f3 a5 35. R1d2 Rxd2 36. Rxd2 Bxf3 37. Rd7 Rb7 38. Rd8 Ke5 39. Ra8 Rxb3 40. Rxa5 Rxc3 41. Kf2 Ke4 42. Bf1 Rc2+ 43. Kg1 Ke3 44. Rb5 c4 45. Re5+ Kd4 46. Re1 Be4 47. h4 c3 0-1

[Event "Uxbridge A2Bmedialtd.com-A"]
[Site "Uxbridge"]
[Date "2009.08.14"]
[Round "4"]
[White "Ocantos, Manuel"]
[Black "Tozer, Richard"]
[Result "1-0"]
[WhiteElo "2141"]
[BlackElo "2296"]
[PlyCount "69"]
[EventDate "2009.08.12"]
[EventType "tourn"]
[EventRounds "9"]
[EventCountry "ENG"]
[EventCategory "2"]
[SourceTitle "CBM 131 Extra"]
[Source "ChessBase"]
[SourceDate "2009.09.03"]
[SourceVersion "2"]
[SourceVersionDate "2009.09.16"]
[SourceQuality "1"]

1. Nf3 d5 2. g3 Nf6 3. Bg2 c6 4. d4 Bf5 5. 0-0 e6 6. b3 Nbd7 7. c4 Be7 8. Bb2 0-0 9. Nbd2 Ne4 10. Nxe4 Bxe4 11. Qd2 a5 12. c5 b6 13. cxb6 Qxb6 14. Ne5 Nxe5 15. Bxe4 dxe4 16. dxe5 Rfd8 17. Qf4 Qb4 18. Rab1 h6 19. h4 a4 20. Rfc1 axb3 21. axb3 c5 22. Bc3 Qb7 23. Rb2 Ra3 24. Rcb1 Rb8 25. Qc1 Qa8 26. Kh2 Ra6 27. b4 cxb4 28. Bxb4 Rc8 29. Qe3 Bxb4 30. Rxb4 Ra4 31. Rb7 Rac4 32. Qf4 Rf8 33. Rd7 Qc6 34. Rbb7 e3 35. Rxf7 1-0

[Event "BCF-ch rapidplay"]
[Site "Halifax"]
[Date "2006.11.05"]
[Round "7"]
[White "Tozer, Richard"]
[Black "Hebden, Mark"]
[Result "0-1"]
[WhiteElo "2301"]
[BlackElo "2545"]
[PlyCount "52"]
[EventDate "2006.11.04"]
[EventType "swiss (rapid)"]
[EventRounds "11"]
[EventCountry "ENG"]
[SourceTitle "EXT 2007"]
[Source "ChessBase"]
[SourceDate "2006.11.23"]
[SourceVersion "1"]
[SourceVersionDate "2006.11.23"]
[SourceQuality "1"]

1. d4 Nf6 2. c4 g6 3. Nc3 Bg7 4. e4 d6 5. Be2 0-0 6. Bg5 Na6 7. Qd2 c6 8. f3 e5 9. d5 cxd5 10. cxd5 Bd7 11. h4 Qb6 12. g4 h5 13. Be3 Nc5 14. g5 Ne8 15. Nh3 a5 16. Nf2 a4 17. Nd3 Nxd3+ 18. Bxd3 Qa5 19. 0-0 Nc7 20. Kg2 Na6 21. Nb5 Nb4 22. Nxd6 Nxd3 23. Qxd3 Qb4 24. Nc4 Bb5 25. b3 Rfc8 26. Rfc1 axb3 0-1

[Event "Southend op-A"]
[Site "Southend"]
[Date "2006.04.16"]
[Round "6"]
[White "Fegan, Chris"]
[Black "Tozer, Richard"]
[Result "0-1"]
[WhiteElo "2065"]
[BlackElo "2302"]
[PlyCount "56"]
[EventDate "2006.04.14"]
[EventType "swiss"]
[EventRounds "7"]
[EventCountry "ENG"]
[SourceTitle "EXT 2007"]
[Source "ChessBase"]
[SourceDate "2006.11.23"]
[SourceVersion "1"]
[SourceVersionDate "2006.11.23"]
[SourceQuality "1"]

1. d4 d5 2. Nf3 Nf6 3. e3 Bf5 4. c4 c6 5. cxd5 cxd5 6. Nc3 e6 7. Qb3 Qc7 8. Ne5 Nc6 9. Bd2 Be7 10. Nb5 Qb6 11. Be2 Ne4 12. Bc3 Nxc3 13. bxc3 f6 14. g4 Be4 15. f3 fxe5 16. fxe4 0-0 17. exd5 Na5 18. Qa4 exd5 19. Rb1 Rac8 20. Na3 Qc7 21. Nb5 Qb6 22. Na3 Qd8 23. Kd2 a6 24. dxe5 b5 25. Nxb5 axb5 26. Rxb5 Nc4+ 27. Kc1 Ra8 28. Qc2 Na3 0-1

[Event "Southend op-A"]
[Site "Southend"]
[Date "2006.04.14"]
[Round "1"]
[White "Tozer, Richard"]
[Black "Giles, Benjamin"]
[Result "1-0"]
[WhiteElo "2302"]
[BlackElo "2046"]
[PlyCount "31"]
[EventDate "2006.04.14"]
[EventType "swiss"]
[EventRounds "7"]
[EventCountry "ENG"]
[SourceTitle "EXT 2007"]
[Source "ChessBase"]
[SourceDate "2006.11.23"]
[SourceVersion "1"]
[SourceVersionDate "2006.11.23"]
[SourceQuality "1"]

1. d4 Nf6 2. c4 g6 3. Nc3 d5 4. Nf3 Bg7 5. Bg5 c6 6. e3 0-0 7. Qb3 e6 8. Be2 Nbd7 9. 0-0 Qb6 10. Rac1 Re8 11. Rfd1 Qxb3 12. axb3 b6 13. Nd2 Bb7 14. e4 e5 15. dxe5 Nxe4 16. Ndxe4 1-0

[Event "BCF-ch rapidplay"]
[Site "Halifax"]
[Date "2005.11.13"]
[Round "10"]
[White "Haslinger, Stewart"]
[Black "Tozer, Richard"]
[Result "1-0"]
[WhiteElo "2426"]
[BlackElo "2302"]
[PlyCount "51"]
[EventDate "2005.11.12"]
[EventType "swiss (rapid)"]
[EventRounds "9"]
[EventCountry "ENG"]
[SourceTitle "EXT 2006"]
[Source "ChessBase"]
[SourceDate "2005.11.24"]
[SourceVersion "1"]
[SourceVersionDate "2005.11.24"]
[SourceQuality "1"]

1. e4 c5 2. Nf3 Nc6 3. d4 cxd4 4. Nxd4 e6 5. Nc3 Qc7 6. Be3 a6 7. Bd3 b5 8. Nxc6 dxc6 9. 0-0 Bb7 10. f4 c5 11. a3 Rd8 12. Qe1 Nf6 13. e5 Ng4 14. Be4 c4 15. Kh1 Nxe3 16. Qxe3 Bc5 17. Qf3 Bxe4 18. Nxe4 Be7 19. f5 exf5 20. Qxf5 0-0 21. Nf6+ gxf6 22. exf6 Bxf6 23. Qxf6 Rd6 24. Qf4 Qd7 25. Rae1 Re8 26. Rxe8+ 1-0

[Event "BCF-ch rapidplay"]
[Site "Halifax"]
[Date "2005.11.13"]
[Round "9"]
[White "Tozer, Richard"]
[Black "Palliser, Richard"]
[Result "1-0"]
[WhiteElo "2302"]
[BlackElo "2389"]
[PlyCount "87"]
[EventDate "2005.11.12"]
[EventType "swiss (rapid)"]
[EventRounds "9"]
[EventCountry "ENG"]
[SourceTitle "EXT 2006"]
[Source "ChessBase"]
[SourceDate "2005.11.24"]
[SourceVersion "1"]
[SourceVersionDate "2005.11.24"]
[SourceQuality "1"]

1. d4 Nf6 2. c4 c5 3. d5 e6 4. Nc3 exd5 5. cxd5 d6 6. e4 g6 7. f4 Bg7 8. Bb5+ Nbd7 9. e5 dxe5 10. fxe5 Nh5 11. Nf3 0-0 12. Bg5 Qb6 13. Qe2 Nxe5 14. Nxe5 Bxe5 15. Qxe5 f6 16. Qe7 fxg5 17. d6 Bf5 18. 0-0-0 Nf6 19. h4 g4 20. h5 Qd8 21. h6 Qxe7 22. dxe7 Rfe8 23. Bxe8 Rxe8 24. Rhe1 Kf7 25. Nd5 Nxd5 26. Rxd5 Rxe7 27. Rxe7+ Kxe7 28. Rxc5 Kd6 29. Rc3 Be4 30. g3 Bc6 31. Kd2 Ke5 32. Ke3 g5 33. Rc5+ Kf6 34. Rc2 Kg6 35. Rh2 Bb5 36. Ke4 Bf1 37. Ke5 Bh3 38. b4 Kxh6 39. Kf6 a6 40. a4 b6 41. Rh1 a5 42. b5 Kh5 43. Kg7 h6 44. Rd1 1-0

[Event "BCF-chT2 0405 (4NCL)"]
[Site "West Bromwich"]
[Date "2004.09.18"]
[Round "1.1"]
[White "Tozer, Richard"]
[Black "McMichael, Richard"]
[Result "1/2-1/2"]
[WhiteElo "2302"]
[BlackElo "2272"]
[PlyCount "137"]
[EventDate "2004.09.18"]
[EventType "team-tourn"]
[EventRounds "11"]
[EventCountry "ENG"]
[SourceTitle "EXT 2006"]
[Source "ChessBase"]
[SourceDate "2005.11.24"]
[SourceVersion "1"]
[SourceVersionDate "2005.11.24"]
[SourceQuality "1"]
[WhiteTeam "White Rose"]
[BlackTeam "Kings Head"]
[WhiteTeamCountry "ENG"]
[BlackTeamCountry "ENG"]

1. d4 e6 2. c4 f5 3. g3 Nf6 4. Bg2 d5 5. Nf3 c6 6. 0-0 Bd6 7. b3 Qe7 8. a4 a5 9. Ba3 Bxa3 10. Nxa3 0-0 11. Nc2 Bd7 12. Nce1 Be8 13. Nd3 Bh5 14. Nfe5 Nbd7 15. Rb1 Nxe5 16. Nxe5 Nd7 17. Nd3 g5 18. Qd2 Kh8 19. e3 Bg6 20. Rb2 Rf7 21. Rc1 h5 22. cxd5 exd5 23. b4 f4 24. exf4 Bxd3 25. Qxd3 axb4 26. fxg5 Qxg5 27. f4 Qe7 28. Re2 Qf6 29. Rce1 Nf8 30. Re5 Rh7 31. Rf5 Qg7 32. h4 Nd7 33. Rg5 Qf7 34. Qb3 Qf8 35. Re6 Qf7 36. Bh3 Nf6 37. Bf5 Ne4 38. Bxe4 Qxe6 39. Re5 Qg8 40. Bxh7 Qxh7 41. Qf3 Rg8 42. Kh2 Qf7 43. Rxh5+ Kg7 44. Qg4+ Kf8 45. Qc8+ Kg7 46. Rg5+ Kh8 47. Rxg8+ Qxg8 48. Qxb7 Qe8 49. f5 Qe2+ 50. Kh3 Qf1+ 51. Kg4 Qd1+ 52. Kg5 Qxd4 53. Qc8+ Kh7 54. Qxc6 Qe3+ 55. Kh5 b3 56. Qg6+ Kh8 57. Qf6+ Kg8 58. Qd8+ Kg7 59. Qd7+ Kf8 60. Qxd5 b2 61. Qb7 Qe5 62. g4 Qf6 63. Qb4+ Kg8 64. g5 Qxf5 65. Qb8+ Qf8 66. Qxb2 Qf3+ 67. Kh6 Qf8+ 68. Kh5 Qf3+ 69. Kh6 1/2-1/2

[Event "Politiken Cup 24th"]
[Site "Copenhagen"]
[Date "2002.07.26"]
[Round "11"]
[White "Mortensen, Erling"]
[Black "Tozer, Richard"]
[Result "1-0"]
[WhiteElo "2450"]
[BlackElo "2312"]
[PlyCount "78"]
[EventDate "2002.07.15"]
[EventType "swiss"]
[EventRounds "11"]
[EventCountry "DEN"]
[SourceTitle "CBM 089 Extra"]
[Source "ChessBase"]
[SourceDate "2002.09.10"]
[SourceVersion "2"]
[SourceVersionDate "2002.09.10"]
[SourceQuality "1"]

1. e4 c5 2. Nf3 Nc6 3. d4 cxd4 4. Nxd4 e6 5. Nc3 Qc7 6. Be2 a6 7. 0-0 b5 8. Nxc6 dxc6 9. a4 b4 10. Nb1 Bb7 11. Nd2 c5 12. f4 Nf6 13. e5 Nd5 14. Nc4 g6 15. a5 Be7 16. Bd3 0-0 17. Bd2 Bc6 18. Qg4 Rad8 19. b3 Nc3 20. Bxc3 bxc3 21. Qe2 Rd4 22. Qe1 Qb7 23. Rf2 Qb4 24. g3 Rfd8 25. Qe3 Ba8 26. h4 Bc6 27. h5 Bb5 28. Qf3 Rxd3 29. cxd3 Qxb3 30. Rc1 c2 31. Nd6 Bxd3 32. h6 Qd5 33. Qe3 Bxd6 34. exd6 Rxd6 35. Rd2 c4 36. Rcxc2 Qb5 37. Rb2 Qxa5 38. Rb8+ Rd8 39. Qe5 f6 1-0

[Event "Politiken Cup 24th"]
[Site "Copenhagen"]
[Date "2002.07.16"]
[Round "2"]
[White "Tozer, Richard"]
[Black "Moller, Arne Vagn"]
[Result "1-0"]
[WhiteElo "2312"]
[BlackElo "2026"]
[PlyCount "61"]
[EventDate "2002.07.15"]
[EventType "swiss"]
[EventRounds "11"]
[EventCountry "DEN"]
[SourceTitle "CBM 089 Extra"]
[Source "ChessBase"]
[SourceDate "2002.09.10"]
[SourceVersion "2"]
[SourceVersionDate "2002.09.10"]
[SourceQuality "1"]

1. d4 Nf6 2. Nc3 d5 3. Bg5 h6 4. Bxf6 exf6 5. e3 c6 6. Bd3 Bd6 7. Qf3 Qb6 8. Rb1 Be6 9. Nge2 Qc7 10. Nf4 Bxf4 11. exf4 f5 12. 0-0 Nd7 13. Rfe1 0-0-0 14. b4 g5 15. b5 g4 16. Qe3 c5 17. dxc5 Qxc5 18. Qd2 Nb6 19. Ne2 Nc4 20. Qc3 d4 21. Qb4 b6 22. Ng3 Nd6 23. a4 h5 24. Re5 Qxb4 25. Rxb4 h4 26. Ne2 Nb7 27. Nxd4 Nc5 28. Bxf5 Bxf5 29. Rxf5 Ne6 30. Rc4+ Kd7 31. Nc6 1-0

[Event "Politiken Cup 24th"]
[Site "Copenhagen"]
[Date "2002.07.15"]
[Round "1"]
[White "Walseth, Tron"]
[Black "Tozer, Richard"]
[Result "0-1"]
[WhiteElo "1832"]
[BlackElo "2312"]
[PlyCount "126"]
[EventDate "2002.07.15"]
[EventType "swiss"]
[EventRounds "11"]
[EventCountry "DEN"]
[SourceTitle "CBM 089 Extra"]
[Source "ChessBase"]
[SourceDate "2002.09.10"]
[SourceVersion "2"]
[SourceVersionDate "2002.09.10"]
[SourceQuality "1"]

1. d4 Nf6 2. c4 e6 3. g3 Bb4+ 4. Bd2 Qe7 5. Nf3 0-0 6. Bg2 d5 7. 0-0 Nbd7 8. Bg5 dxc4 9. Qc2 h6 10. Bxf6 Nxf6 11. Qxc4 a6 12. a3 Ba5 13. b4 Bb6 14. Nbd2 Bd7 15. Nb3 Bc6 16. Ne5 Bd5 17. Bxd5 exd5 18. Qd3 Rfe8 19. e3 c6 20. Nc5 Bc7 21. Rfc1 Bb8 22. f4 Ne4 23. Nxe4 dxe4 24. Qb3 Bd6 25. Nc4 Qe6 26. Na5 Qxb3 27. Nxb3 Kf8 28. Ra2 Re7 29. Rg2 Ke8 30. h4 Kd7 31. Na5 Ke6 32. Nc4 Bc7 33. Na5 Rb8 34. Rgc2 g5 35. hxg5 hxg5 36. Rh2 gxf4 37. gxf4 Bxa5 38. bxa5 Rd7 39. Rh5 f6 40. Kf2 Rg8 41. f5+ Kd6 42. Rh6 Rf7 43. Rch1 Kd5 44. Rh7 Rxh7 45. Rxh7 Rg5 46. Rxb7 Rxf5+ 47. Ke2 Rh5 48. Rb6 Rh2+ 49. Ke1 Ra2 50. Rxa6 Rxa3 51. Ke2 Ra2+ 52. Ke1 f5 53. Kf1 Ra4 54. Kg2 Ra3 55. Kf2 Ra2+ 56. Ke1 Kc4 57. Rb6 Rxa5 58. Rxc6+ Kd3 59. Rc5 Ra1+ 60. Kf2 f4 61. exf4 e3+ 62. Kf3 e2 63. Re5 e1Q 0-1

[Event "BCF-chT 9899 (4NCL)"]
[Site "England"]
[Date "1999.05.01"]
[Round "9.3"]
[White "Tozer, Richard"]
[Black "Cooper, Lawrence"]
[Result "1/2-1/2"]
[WhiteElo "2305"]
[BlackElo "2325"]
[PlyCount "60"]
[EventDate "1998.10.??"]
[EventType "team-tourn"]
[EventRounds "11"]
[EventCountry "ENG"]
[SourceTitle "EXT 2000"]
[Source "ChessBase"]
[SourceDate "1999.11.16"]
[SourceVersion "1"]
[SourceVersionDate "1999.11.16"]
[SourceQuality "1"]
[WhiteTeam "HH"]
[BlackTeam "BIG"]
[WhiteTeamCountry "ENG"]
[BlackTeamCountry "ENG"]

1. d4 Nf6 2. c4 e6 3. Nc3 Bb4 4. Qc2 0-0 5. a3 Bxc3+ 6. Qxc3 Ne4 7. Qc2 f5 8. Nf3 b6 9. g3 Bb7 10. Bg2 Nf6 11. d5 a5 12. 0-0 Na6 13. Nd4 Nc5 14. Bf4 Nh5 15. Bd2 a4 16. Bb4 Qc8 17. Rad1 Nf6 18. Nb5 exd5 19. cxd5 d6 20. Nc3 Nfd7 21. Bh3 g6 22. e4 Ba6 23. Rfe1 Ne5 24. Bxc5 Nf3+ 25. Kg2 Nxe1+ 26. Rxe1 bxc5 27. exf5 gxf5 28. Re6 Qd7 29. Bxf5 Qg7 30. Re3 Bb7 1/2-1/2

[Event "BCF-chT 9899 (4NCL)"]
[Site "England"]
[Date "1999.01.23"]
[Round "5.5"]
[White "Gormally, Daniel"]
[Black "Tozer, Richard"]
[Result "1-0"]
[WhiteElo "2456"]
[BlackElo "2305"]
[PlyCount "73"]
[EventDate "1998.10.??"]
[EventType "team-tourn"]
[EventRounds "11"]
[EventCountry "ENG"]
[SourceTitle "EXT 2000"]
[Source "ChessBase"]
[SourceDate "1999.11.16"]
[SourceVersion "1"]
[SourceVersionDate "1999.11.16"]
[SourceQuality "1"]
[WhiteTeam "Invicta Knights Maidstone"]
[BlackTeam "HH"]
[WhiteTeamCountry "ENG"]
[BlackTeamCountry "ENG"]

1. d4 f5 2. Nf3 Nf6 3. g3 g6 4. Bg2 Bg7 5. 0-0 0-0 6. b3 d6 7. Bb2 c6 8. c4 Qe8 9. Nc3 e5 10. dxe5 dxe5 11. e4 f4 12. Qd6 Ng4 13. h3 Nh6 14. Rad1 Nd7 15. Ba3 Rf6 16. Qc7 Nf7 17. Rd2 Bf8 18. Bxf8 Nxf8 19. Qa5 g5 20. Na4 g4 21. hxg4 Bxg4 22. Nh2 Qc8 23. Qc3 Ng6 24. Nc5 Ng5 25. Nxb7 Rf8 26. Nd6 Qe6 27. f3 Bh3 28. g4 a5 29. Nf5 Rfd8 30. Rfd1 Qe8 31. Qxa5 Rxd2 32. Qxd2 Bxg2 33. Kxg2 Qb8 34. Kh1 Qa7 35. Qd6 Rf8 36. Qd7 Ra8 37. Qxc6 1-0